Vicarios en entredicho : crisis y desestructuración de la provincia franciscana de Santiago de Xalisco, 1749-1860 /
Investigación acerca de la provincia franciscana de Santiago de Xalisco y su proceso de crisis y desestructuración desarrollado durante la segunda mitad del siglo XVIII y la primera del siglo XIX. La provincia tenía su sede en Guadalajara, pero en distintos momentos de su historia llegó a abarcar te...
Guardado en:
| Hovedforfatter: | |
|---|---|
| Format: | Bog |
| Sprog: | spansk |
| Udgivet: |
Zamora, México : Guadalajara, México :
El Colegio de Michoacán ; Universidad de Guadalajara, Centro Universitario de Ciencias Sociales y Humanidades,
2001, c2001
|
| Serier: | (Investigaciones del ColMich)
|
| Fag: | |
| Tags: |
Ingen Tags, Vær først til at tagge denne postø!
|
MARC
| LEADER | 00000nam^a2200000^a^4500 | ||
|---|---|---|---|
| 001 | 000139994 | ||
| 005 | 20250521000000.0 | ||
| 009 | 20260310095522.53 | ||
| 020 | |a 970-679-053-5 | ||
| 037 | |a Acervo ITESO - Biblioteca | ||
| 041 | |a ESP | ||
| 082 | |a 972. |b TOR | ||
| 100 | |a Torre Curiel, José Refugio de la |e (autor) | ||
| 245 | 1 | 0 | |a Vicarios en entredicho : |b crisis y desestructuración de la provincia franciscana de Santiago de Xalisco, 1749-1860 / |c J.R. de la Torre Curiel. |
| 264 | 4 | |a Zamora, México : |b El Colegio de Michoacán ; |a Guadalajara, México : |b Universidad de Guadalajara, Centro Universitario de Ciencias Sociales y Humanidades, |c 2001, c2001 | |
| 300 | |a 398 p. | ||
| 336 | |a texto |b txt |2 rdacontenido | ||
| 337 | |a sin mediación |b n |2 rdamedio | ||
| 338 | |a volumen |b nc |2 rdasoporte | ||
| 440 | 1 | |a (Investigaciones del ColMich) | |
| 520 | |a Investigación acerca de la provincia franciscana de Santiago de Xalisco y su proceso de crisis y desestructuración desarrollado durante la segunda mitad del siglo XVIII y la primera del siglo XIX. La provincia tenía su sede en Guadalajara, pero en distintos momentos de su historia llegó a abarcar territorios de Nayarit, Colima, Zacatecas, Coahuila, Sonora y Chihuahua. Para su estudio de la provincia, el autor enfatiza la necesidad de tener una visión más completa de la forma en que funcionaban los conventos y misiones de los franciscanos y conjuga esta perspectiva con las transformaciones lentas e imperceptibles propias del tiempo histórico de amplia proyección. | ||
| 649 | |a XX | ||
| 650 | |a Franciscanos en Jalisco - |x Historia | ||
| 650 | |a Franciscanos en México - |x Historia | ||
| 650 | |a Monasticismo y Ordenes Religiosas - |z Jalisco - |x Historia | ||
| 650 | |a Monasticismo y Ordenes Religiosas - |z México - |x Historia | ||
| 650 | |a Conventos y Monasterios - |z Jalisco - |x Historia | ||
| 650 | |a Conventos y Monasterios - |z México - |x Historia | ||
| 650 | |a Misiones - |z México - |x Historia | ||
| 650 | |a Iglesia Católica en Jalisco - |x Historia | ||
| 650 | |a Iglesia Católica en México - |x Historia | ||
| 650 | |a Catolicismo - |z Jalisco - |x Historia | ||
| 650 | |a Catolicismo - |z México - |x Historia | ||
| 650 | |a Cristianismo - |z Jalisco - |x Historia | ||
| 650 | |a Cristianismo - |z México - |x Historia | ||
| 650 | |a Religión - |z Jalisco - |x Historia | ||
| 650 | |a Religión - |z México - |x Historia | ||
| 650 | |a Jalisco - |x Historia - |y Siglo XVIII | ||
| 650 | |a Jalisco - |x Historia - |y Virreinato, 1535-1821 | ||
| 650 | |a Jalisco - |x Historia - |y Epoca Colonial, 1517-1821 | ||
| 650 | |a Jalisco - |x Historia - |y Siglo XIX | ||
| 650 | |a México - |x Historia - |y Siglo XVIII | ||
| 650 | |a México - |x Historia - |y Virreinato, 1535-1821 | ||
| 650 | |a México - |x Historia - |y Epoca Colonial, 1517-1821 | ||
| 650 | |a México - |x Historia - |y Siglo XIX | ||
| 910 | |a Fondo General | ||
| 920 | |a Impresos - Libros | ||
| 930 | |a Colección General | ||
| 905 | |a 101 | ||
| 901 | |a 0500068304 |b IT1 |c ACC |u 20250521 | ||
| 902 | |a https://opac.biblio.iteso.mx/vufind/Record/000139994 | ||